| 000 | 00450 a2200133 4500 | ||
|---|---|---|---|
| 001 | ART_29057 | ||
| 005 | 20260410161909.0 | ||
| 008 | 260409a | ||
| 245 | 1 | 0 | _aMultilateral comparisons of output, input and productivity using superlative index numbers |
| 100 | 1 | _aChristensen, Laurits R. | |
| 700 | 1 | _aCaves, Douglas W. | |
| 700 | 1 | _aDiewert, W. E. | |
| 773 | 0 |
_tThe Economic Journal _g- Vol. 92, NÂș 365 (mar. 1982) _wREV12512 |
|
| 999 |
_c26656 _d26656 |
||